| 000 | 05083nam a22006017a 4500 | ||
|---|---|---|---|
| 005 | 20080806153131.0 | ||
| 008 | 080806t xxu||||| |||| 00| 0 eng d | ||
| 010 | _aB-282312-343 | ||
| 020 |
_a0439538475 _c100.00 |
||
| 035 | _aB-282312-343 | ||
| 040 |
_aDPL _bEN |
||
| 082 | _aN | ||
| 245 |
_aShrek 2: _cadapted by Jesse Leon McCann _bthe movie novel / |
||
| 260 |
_bScholastic Inc. _c2004(repr.). _aNew York |
||
| 300 |
_a110p.: _c20 cm (pbk) _bcol. ill. |
||
| 700 | _aMcCann, Jesse Leon | ||
| 270 |
_a550 A, Pace City-II, Sector - 37, (Vender) _bGurgaon _e122004 _k2212432 |
||
| 942 |
_cCH _hN _2ddc _mSHR |
||
| 999 |
_c13521 _d13521 |
||